Sports Quiz

Random Sports or NHL Quiz

Wayne Gretzky's Teams Quiz Stats

 Plays Quiz Updated Jan 7, 2019

Support Sporcle.
Go Orange.
Score 0/5 Timer 01:00
5 Plays Today
Years Team % Correct
1979-88Edmonton Oilers
95%
1988-1996Los Angeles Kings
94.2%
1996-99New York Rangers
91.9%
1996St. Louis Blues
61.4%
1978-79Indianapolis Racers
21.9%

From the Vault

Click the German-Speaking Countries

by mg10

If you don't know anything about Germany, this quiz might be your wurst nightmare.
Remove Ads.
Support Sporcle.
Get the best of Sporcle when you Go Orange. This ad-free experience offers more features, more stats, and more fun while also helping to support Sporcle. Thank you for becoming a member.

Show Comments

Extras

Top Quizzes Today


Score Distribution

Your Account Isn't Verified!

In order to create a playlist on Sporcle, you need to verify the email address you used during registration. Go to your Sporcle Settings to finish the process.

Report this User

Report this user for behavior that violates our Community Guidelines.

Details: